Glamsters / (Record no. 2282)

MARC details
000 -LEADER
fixed length control field 01095cam a2200301 a 4500
005 - DATE AND TIME OF LATEST TRANSACTION
control field 20231115102810.0
020 ## - INTERNATIONAL STANDARD BOOK NUMBER
International Standard Book Number 9781423111481
020 ## - INTERNATIONAL STANDARD BOOK NUMBER
International Standard Book Number 9780545514446
040 ## - CATALOGING SOURCE
Original cataloging agency DLC
Transcribing agency DLC
Modifying agency DLC
Language of cataloging eng
050 00 - LIBRARY OF CONGRESS CALL NUMBER
Classification number PZ7.K56475
Item number Gl 2008
082 00 - DEWEY DECIMAL CLASSIFICATION NUMBER
Classification number 480
Edition number 23
100 1# - MAIN ENTRY--PERSONAL NAME
Personal name Kimmel, Elizabeth Cody
245 10 - TITLE STATEMENT
Title Glamsters /
Statement of responsibility, etc. written by Elizabeth Cody Kimmel ; illustrated by Jackie Urbanovic.
250 ## - EDITION STATEMENT
Edition statement First Scholastic printing, November 2012
260 ## - PUBLICATION, DISTRIBUTION, ETC.
Place of publication, distribution, etc. New York :
Name of publisher, distributor, etc. Scholastic,
Date of publication, distribution, etc. 2008
300 ## - PHYSICAL DESCRIPTION
Extent 26 unnumbered pages :
Other physical details Illustrations
Dimensions 21x25 cm
505 ## - FORMATTED CONTENTS NOTE
Formatted contents note P
520 ## - SUMMARY, ETC.
Summary, etc. Harriet the hamster is desperate to be adopted, so she gives her sister Patricia and herself glamorous makeovers in hopes they will get more attention when Hamster World has its huge annual sale.
521 1# - TARGET AUDIENCE NOTE
Target audience note 680
Source Lexile
521 1# - TARGET AUDIENCE NOTE
Target audience note P
Source Raz-Plus
650 #1 - SUBJECT ADDED ENTRY--TOPICAL TERM
Topical term or geographic name entry element Hamsters
Form subdivision Fiction.
650 #1 - SUBJECT ADDED ENTRY--TOPICAL TERM
Topical term or geographic name entry element Self-perception
Form subdivision Fiction.
650 #1 - SUBJECT ADDED ENTRY--TOPICAL TERM
Topical term or geographic name entry element Self-confidence
Form subdivision Fiction.
700 1# - ADDED ENTRY--PERSONAL NAME
Personal name Urbanovic, Jackie
Relator term illustrator
906 ## - LOCAL DATA ELEMENT F, LDF (RLIN)
a 7
b cbc
c orignew
d 1
e ecip
f 20
g y-gencatlg
942 ## - ADDED ENTRY ELEMENTS (KOHA)
Source of classification or shelving scheme Dewey Decimal Classification
Koha item type Books
Suppress in OPAC No
999 ## -
-- 2282
-- 2282
Holdings
Withdrawn status Lost status Source of classification or shelving scheme Damaged status Not for loan Collection Home library Current library Shelving location Date acquired Total Checkouts Full call number Barcode Date last seen Price effective from Koha item type
    Dewey Decimal Classification     Juvenile Fiction Footprints International School Library Network Toul Kork Campus Footprints International School Library Network Toul Kork Campus TK Primary Library Room(4th Floor), Bookcase 5&6, Shelves 33-56, Orange Books 11/15/2023   KIM 480 PZ7.K56475 FISTk04413 11/15/2023 11/15/2023 Books